000 00615nam a2200241Ia 4500
003 OSt
005 20221007100615.0
006 a|||||r|||| 00| 0
007 ta
008 221006b |||||||| |||| 00| 0 eng d
024 _a4,721
037 _cTextual
040 _aLCO
_cLCO
_beng
041 _2eng
_aeng
082 _aV1:19, L9
100 _aFORSYTH M G
_9701893
245 0 _aTheory of international relations
260 _aNew
_bDelhi S. Chand
_c1979
300 _a353
650 _aINTERNATIONAL RELATIONS
942 _hV1:19, L9
_cTEXL
999 _c1174284
_d1174284